|
|
|
|
| LEADER |
02502nam a2200589 a 4500 |
| 001 |
nkc20102110955 |
| 003 |
CZ PrNK |
| 005 |
20120419135612.0 |
| 007 |
ta |
| 008 |
100611s2010 xr ac e c 000 0dcze |
| 015 |
|
|
|a cnb002110955
|
| 020 |
|
|
|a 978-80-904352-2-3
|q (Libor Gašparovič - Galia ;
|q brož.)
|
| 035 |
|
|
|a (OCoLC)664091675
|
| 040 |
|
|
|a OLA001
|b cze
|d BOA001
|d ABA001
|
| 041 |
0 |
|
|a cze
|b eng
|
| 043 |
|
|
|a e-xr---
|
| 045 |
|
|
|a x3y1
|
| 072 |
|
7 |
|a 75
|x Malířství
|2 Konspekt
|9 21
|
| 080 |
|
|
|a 75(437.3)
|2 MRF
|
| 080 |
|
|
|a 75.036/.038
|2 MRF
|
| 080 |
|
|
|a (437.3)
|2 MRF
|
| 080 |
|
|
|a (083.824)
|2 MRF
|
| 100 |
1 |
|
|a Zlamal, Wilhelm,
|d 1915-1995
|7 ola2006329867
|4 art
|
| 245 |
1 |
0 |
|a Příběh malířského genu :
|b Wilhelm Zlamal (1915-1995), Petr Zlamal (1949), Josef Zlamal (1983) : [Expozice času, Šternberk, 18. května - září 2010 /
|c texty Ladislav Daněk ... et al.]
|
| 246 |
3 |
0 |
|a Wilhelm Zlamal (1915-1995), Petr Zlamal (1949), Josef Zlamal (1983)
|
| 250 |
|
|
|a 1. vyd.
|
| 260 |
|
|
|a Olomouc :
|b Agentura Galia ve spolupráci se Studiem Zlamal,
|c 2010
|
| 300 |
|
|
|a 103 s. :
|b il. (převážně barev.), portréty ;
|c 28 cm
|
| 500 |
|
|
|a 500 výt.
|
| 546 |
|
|
|a Anglické resumé
|
| 600 |
1 |
7 |
|a Zlamal, Wilhelm,
|d 1915-1995
|7 ola2006329867
|2 czenas
|
| 600 |
1 |
7 |
|a Zlamal, Petr,
|d 1949-
|7 ola200200437
|2 czenas
|
| 600 |
1 |
7 |
|a Zlamal, Josef,
|d 1983-
|7 mzk2009517394
|2 czenas
|
| 648 |
|
4 |
|a 1938-2010
|
| 650 |
0 |
7 |
|a české malířství
|7 ph116864
|y 20.-21. století
|2 czenas
|
| 650 |
0 |
7 |
|a moderní malířství
|7 ph122940
|z Česko
|2 czenas
|
| 650 |
0 |
9 |
|a Czech painting
|y 20th-21st centuries
|2 eczenas
|
| 650 |
0 |
9 |
|a modern painting
|z Czechia
|2 eczenas
|
| 655 |
|
7 |
|a katalogy výstav
|7 fd132536
|2 czenas
|
| 655 |
|
9 |
|a exhibition catalogs
|2 eczenas
|
| 700 |
1 |
|
|a Zlamal, Petr,
|d 1949-
|7 ola200200437
|4 art
|
| 700 |
1 |
|
|a Zlamal, Josef,
|d 1983-
|7 mzk2009517394
|4 art
|
| 700 |
1 |
|
|a Daněk, Ladislav,
|d 1958-
|7 jn19981000558
|4 wfw
|4 edt
|
| 710 |
2 |
|
|a Expozice času (muzeum : Šternberk, Olomouc, Česko)
|7 ko2010583005
|
| 856 |
4 |
1 |
|u https://www.digitalniknihovna.cz/mzk/uuid/uuid:4c832460-940e-11ee-b09e-005056827e51
|y Digitalizovaný dokument
|x NDK
|
| 910 |
2 |
|
|a BOA001
|b 3-1244.897
|
| 928 |
9 |
|
|a Studio Zlamal
|
| 990 |
|
|
|a BK
|
| 995 |
|
|
|a 01
|
| 991 |
|
|
|b 201007
|c NOV
|e n
|
| 996 |
6 |
|
|b 2610440977
|c 3-1244.897
|l MZK
|r Sklad / do 1 hodiny
|n 1
|p p.v.
|w 001128655
|u 000010
|a 1
|e BOA001
|j MZK50
|s P
|
| 996 |
7 |
|
|b 2610440978
|c 3-1244.897
|l MZK
|r Sklad / do 1 hodiny
|n 2
|p p.v.
|w 001128655
|u 000020
|a 1
|e BOA001
|j MZK50
|s A
|